Federico Fellini 8 1-2

Saved in:
Bibliografiske detaljer
Format: Bog
Sprog:italiensk
Udgivet: DVD Continental 2000
Fag:
Online adgang:carátula frontal
carátula posterior
Tags: Tilføj Tag
Ingen Tags, Vær først til at tagge denne postø!

MARC

LEADER 00000nam a2200000 a 4500
001 UCL3664
003 CL-VaPUC
008 031205e20000000bl |||||||||||||||||ita|d
082 0 4 |a 791.43651  |b FED  |2 21 
245 1 0 |a Federico Fellini 8 1-2 
300 |a 1 DVD 
942 |c BK 
945 |d 20031205 00:00:00  |a cmena 
260 |b DVD Continental  |c 2000 
500 |a Actores: Marcelo Mastroianni y Claudia Cardinale 
500 |a Guión: Federico Fellini 
500 |a Director: Federico Fellini 
500 |a Subtitulado: portugués, inglés, español 
500 |a Duración: 132 minutos 
500 |a Fotografía: Blanco y negro 
500 |a Calificación: Mayores de 18 años 
500 |a Película ganadora del Oscar como Mejor Película Extranjera 
500 |a Reconocida como la obra maestra de Fellini, esta película ees una fascinante autobiografía del cineasta. Marcello Mastroianni hace una magistral interpretación del director de cine italiano, quien durante una estancia en un centro de descanso, decide huir de sus admiradores a través de un sueño que es una mezcla de su pasado, con escenas del presente, de sus triunfos, de su primera experiencia sexual y fantasías de él mismo dirigiendo un harem compuesto por todas las mujeres que ha conocido en su vida 
600 0 7 |a FELLINI, FEDERICO  |2 CL-VaPUC  |9 266646 
600 0 7 |a MASTROIANNI, MARCELO  |2 CL-VaPUC  |9 481017 
600 0 7 |a CARDINALE, CLAUDIA  |2 CL-VaPUC  |9 481018 
650 7 |a PELICULAS CINEMATOGRAFICAS  |2 CL-VaPUC  |9 481019 
650 0 |a Autobiografías   |9 265171 
650 0 |a Cineastas  |9 335320 
856 7 |f UCL3664_01.jpg  |u http://opac.pucv.cl/pucv_img/Img-3500/UCL3664_01.jpg  |q JEPG  |2 file  |z carátula frontal 
856 7 |f UCL3664_02.jpg  |u http://opac.pucv.cl/pucv_img/Img-3500/UCL3664_02.jpg  |q JEPG  |2 file  |z carátula posterior 
583 |a last modification  |c 20160902 12:34:27  |k Rodrigo Vera 
999 |c 306677  |d 306675 
952 |0 0  |1 0  |2 ddc  |4 0  |6 791_436510000000000_FED_2000  |7 0  |8 F  |9 371858  |a BIBART  |b FDOSRS  |d 2019-11-21  |i 3915808  |o 791.43651 FED 2000  |p 3915808  |r 2019-11-21  |w 2019-11-21  |y BK_F  |k ART 
952 |0 0  |1 0  |4 0  |6 791_436510000000000_FED_2000  |7 0  |8 A  |9 371859  |a BIBARQ  |b BIBARQ  |d 2019-11-21  |i 4072979  |o 791.43651 FED 2000  |p 4072979  |r 2025-01-20  |w 2019-11-21  |y BK  |k ARQ